000 00356nam a22001217a 4500
999 _c107
_d107
005 20200811160148.0
008 200810b ||||| |||| 00| 0 eng d
020 _a0174470177
040 _cCML
245 _aThe Challenge of the Prophets.
_cYoungman, B.R.
260 _aNairobi
_bThomas Nelson
_c1978
942 _2ddc
_cBK
_e1st Edition
_h224
_mYOU